000 01717cam a22002417a 4500
020 _a9789251056707 (pbk.)
020 _a9251056706 (pbk.)
040 _cMNU
082 0 0 _a627 FOO 2007 A037 Or.
100 1 _aMolen, W. H. van der.
245 1 0 _aGuidelines and computer programs for the planning and design of land drainage systems /
260 _aRome :
_bFood and Agriculture Organization of the United Nations,
_c2007.
300 _axviii, 228 p. :
_bill. ;
_c30 cm. +
_e1 CD-ROM (4 3/4 in.)
520 _aThe aim of this paper is to facilitate the planning and design of land drainage systems for sound land and water management for engineers and other professionals. It considers the integration of technical, socio-economic and environmental factors and the need for system users' participation in the planning, design, operation and maintenance processes. The text provides guidelines for the appropriate identification of drainage problems, for the planning and design of field drainage systems (surface and subsurface) and the main drainage and disposal systems. The annexes provide more detailed information with technical background, appropriate equations, some cross-references for finding appropriate methodologies, and computer programs for calculation of extreme values, of permeability and some land drainage system parameters. --Publisher's description.
650 0 _aDrainage
650 0 _aDrainage
700 1 _aMartínez Beltrán, J.
700 1 _aOchs, Walter J.,
710 2 _aFood and Agriculture Organization of the United Nations.
856 1 1 _uftp://ftp.fao.org/docrep/fao/010/a0975e/a0975e.pdf
856 4 1 _uhttp://www.loc.gov/catdir/toc/fy0802/2007456797.html
942 _cEK
999 _c11407
_d11407